Dostoyevski/ (Record no. 6671)
| 000 -BAŞLIK | |
|---|---|
| Sabit Uzunluktaki Kontrol Alanı | 01776nam a22003617a 4500 |
| 001 - KONTROL NUMARASI | |
| Control Dosyası | 0006690 |
| 003 - KONTROL NUMARASI KİMLİĞİ | |
| Kontrol Alanı | KOHA_MİRAKIL |
| 005 - EN SON İŞLEM TARİHİ ve ZAMANI | |
| Kontrol Alanı | 20260207001530.0 |
| 007 - FİZİKSEL TANIM SABİT ALAN - GENEL BİLGİ | |
| Sabit uzunluklu kontrol alanı | ta |
| 008 - SABİT UZUNLUKTAKİ VERİ ÖGELERİ - GENEL BİLGİ | |
| Sabit Alan | 090811b2007 tu |||gr||||#||||1|tur | |
| 020 ## - ISBN - ULUSLARARASI STANDART KİTAP NUMARASI | |
| Isbn | 9789754376661 |
| 040 ## - KATALOGLAMA KAYNAĞI | |
| Özgün Kataloglama Kurumu | TR-BiSEU |
| Kataloglama Dili | tur |
| Çeviri Kurumu | TR-BiSEU |
| Açıklama Kuralları | rda |
| 041 0# - DİL KODU | |
| Metin ya da ses kaydının dil kodu | tur |
| 044 ## - YAYINLAYAN/ÜRETEN KURULUŞUN ÜLKE KODU | |
| ISO country code | tu |
| 050 ## - SINIFLAMA ve YER NUMARASI | |
| Sınıflama Numarası | PG3328.T36 |
| Yer Numarası | D67 2007 |
| 100 1# - KİŞİ ADI | |
| Yazar Adı (Kişi adı) | Tanju, İzzet. |
| 245 1# - ESER ADI BİLDİRİMİ | |
| Başlık | Dostoyevski/ |
| Sorumluluk Bildirimi | İzzet Tanju ; İzzet Tanju. |
| 264 #1 - ÜRERİM, YAYIN, DAĞITIM ve TELİF BİLDİRİMİ | |
| Yayın yeri | İstanbul : |
| Yayınlayan | Ötüken |
| Yayın tarihi | 2007 |
| 300 ## - FİZİKSEL TANIMLAMA | |
| Sayfa, Cilt vb. | 120 sayfa; 20 cm. |
| 336 ## - İÇERİK TÜRÜ | |
| Content type term | metin |
| Content type code | txt |
| Source | rdacontent |
| 337 ## - MEDYA TÜRÜ | |
| Media type term | aracısız |
| Media type code | n |
| Source | rdamedia |
| 338 ## - TAŞIYICI TÜRÜ | |
| Carrier type term | cilt |
| Carrier type code | nc |
| Source | rdacarrier |
| 490 1# - DİZİ BİLDİRİMİ | |
| Dizi Bildirimi | Yayın ; |
| Cilt Numarası | nu. |
| 490 1# - DİZİ BİLDİRİMİ | |
| Dizi Bildirimi | 713. |
| 490 1# - DİZİ BİLDİRİMİ | |
| Dizi Bildirimi | Kültür Serisi ; |
| Cilt Numarası | 352. |
| 505 ## - İÇİNDEKİLER NOTU | |
| İçindekiler Notu | Dostoyevski'nin hayatı, karakteri, eğilimleri, çevresi ve geçirdiği değişimler hakkında Türkçe yazılmış en orijinal eserdir. Küçük hacmine rağmen büyük alakaya mazhardır. Gelenekçi duygularla büyümüş bir yazarın devrimci esintileri yaşadıktan sonra tevekkülde karar kılmasını anlatır. "Dostoyevski, bir roman kahramanı gibi büyük bir değişimi yaşar. Burada, Dostoyevski'nin çalkantılı ömrünün bir yönü anlatılıyor. Bu onun tutucu yönüdür. Ömrünün son yıllarında belirginleşen bu eğilim yaratıcılığını engellememiştir." |
| 650 #0 - KONU BAŞLIĞI EK GİRİŞ - KONU TERİMİ | |
| Konusal terim veya coğrafi ad | Novelists, Russian--19th century--Biography. |
| 9 (RLIN) | 16519 |
| 650 #0 - KONU BAŞLIĞI EK GİRİŞ - KONU TERİMİ | |
| Konusal terim veya coğrafi ad | Rus yazarları--19. yüzyıl--Biyografi. |
| 9 (RLIN) | 16520 |
| 830 1# - SERİ EK GİRİŞİ - TEKBİÇİM ESER ADI | |
| Tekbiçim Başlık | Yayın ; |
| Volume number/sequential designation | nu. |
| 9 (RLIN) | 1557 |
| 830 1# - SERİ EK GİRİŞİ - TEKBİÇİM ESER ADI | |
| Tekbiçim Başlık | 713. |
| 9 (RLIN) | 16521 |
| 830 1# - SERİ EK GİRİŞİ - TEKBİÇİM ESER ADI | |
| Tekbiçim Başlık | Kültür Serisi ; |
| Volume number/sequential designation | 352. |
| 9 (RLIN) | 6554 |
| 942 ## - EK GİRİŞ ÖGELERİ (KOHA) | |
| Source of classification or shelving scheme | Library of Congress Classification |
| Koha item type | Book |
| 505 ## - İÇİNDEKİLER NOTU | |
| -- | |
| -- | Kitabın ikinci bölümünde üç Rus yazarın Dostoyevski hakkındaki düşüncelerine yer verilir. Bu sayede okuyucu Dostoyevski'yi üç ayrı açıdan tanıyacaktır. |
| -- | |
| -- | |
| Materyal Türü | Kalıcı Konum | Mevcut Konum | Raf Yeri | Sınıflandırma Kaynağı | Edinim Bilgisi | Ana Konular | Alt Konular | Yer Numarası | Demirbaş Numarası | Fatura Tarihi | Maliyet, Alış Fiyatı | Maliyet, Yenileme Fiyatı | Geri Çekilme Durumu | Kayıp Durumu | Hasarlı Durumu | Kredi için değil | Kayıt Tarih | Toplam Ödünçverme | Son Görülme Tarihi | Son Kontrol Tarihi | Genel / Bağış Notu |
|---|---|---|---|---|---|---|---|---|---|---|---|---|---|---|---|---|---|---|---|---|---|
| Book | Prof. Dr. Azmi Özcan Kütüphanesi | Prof. Dr. Azmi Özcan Kütüphanesi | Birûni Salonu | Library of Congress Classification | Bağış | DİL VE EDEBİYAT | Slav Dilleri, Baltık Dilleri, Arnavutça | PG3328.T36 D67 2007 | 0006690 | 13/08/2010 | 12.00 | 12.00 | 11/08/2009 | 4 | 05/12/2024 | 05/12/2024 | Ötüken Yayınevi |
